[Event "Penang op-B 5th"]
[Site "Penang"]
[Date "2013.12.12"]
[Round "6"]
[White "Tan, Tze Lin Tommy"]
[Black "Khairuddin, Muhd Anas Hussaini"]
[Result "1/2-1/2"]
[WhiteElo "1764"]
[BlackElo "1525"]
[PlyCount "74"]
[EventDate "2013.12.09"]
[EventType "swiss"]
[EventRounds "9"]
[EventCountry "MAS"]
[SourceTitle "CBM 158 Extra"]
[Source "ChessBase"]
[SourceDate "2014.02.28"]
[SourceVersion "1"]
[SourceVersionDate "2014.02.28"]
[SourceQuality "1"]

1. e4 d5 2. exd5 Nf6 3. d4 Bg4 4. Nf3 Qxd5 5. Be2 Nc6 6. 0-0 0-0-0 7. c3 Qh5 8. h3 e5 9. hxg4 Nxg4 10. Bg5 e4 11. Nh4 Qxg5 12. Bxg4+ Kb8 13. g3 Bd6 14. Bf5 e3 15. Qg4 exf2+ 16. Kxf2 Qh6 17. Nf3 g6 18. Bc2 f5 19. Qh4 Qg7 20. Nbd2 h6 21. Nc4 g5 22. Qh5 Rhf8 23. Nxd6 Rxd6 24. Ke2 g4 25. Nh2 Nxd4+ 26. cxd4 Qxd4 27. Rfd1 Qe5+ 28. Kf2 Qc5+ 29. Kf1 Qxc2 30. Rxd6 cxd6 31. Qxh6 Qd3+ 32. Kg2 Qc2+ 33. Kg1 Qc5+ 34. Kf1 Qc4+ 35. Kf2 Qd4+ 36. Kf1 Qd3+ 37. Kg2 Qe4+ 1/2-1/2

[Event "Penang op-B 5th"]
[Site "Penang"]
[Date "2013.12.11"]
[Round "5"]
[White "Khairuddin, Muhd Anas Hussaini"]
[Black "Low, Hong Ren Anand"]
[Result "1-0"]
[WhiteElo "1525"]
[BlackElo "1293"]
[PlyCount "83"]
[EventDate "2013.12.09"]
[EventType "swiss"]
[EventRounds "9"]
[EventCountry "MAS"]
[SourceTitle "CBM 158 Extra"]
[Source "ChessBase"]
[SourceDate "2014.02.28"]
[SourceVersion "1"]
[SourceVersionDate "2014.02.28"]
[SourceQuality "1"]

1. d4 Nf6 2. Nf3 g6 3. e3 Bg7 4. Bd3 d6 5. 0-0 Nc6 6. a3 0-0 7. Nbd2 Bg4 8. h3 Bd7 9. b3 e5 10. Bb2 Nd5 11. Bc4 Nb6 12. dxe5 dxe5 13. e4 a5 14. Bd5 Nxd5 15. exd5 Nd4 16. Nxd4 exd4 17. Nf3 Bb5 18. Re1 Qxd5 19. c4 Bxc4 20. bxc4 Qxc4 21. Qc1 Qxc1 22. Raxc1 Rfc8 23. Bxd4 Bxd4 24. Nxd4 c5 25. Nb5 Rc6 26. a4 Kf8 27. Rcd1 c4 28. Re2 Re8 29. Rc2 Re5 30. Rd7 b6 31. Na7 Rcc5 32. Rd4 Re1+ 33. Kh2 Rb1 34. Rdxc4 Rxc4 35. Rxc4 Rb4 36. Rc6 Ke8 37. Kg3 h5 38. Nb5 Rxa4 39. Rxb6 Rb4 40. Nd6+ Ke7 41. Rxb4 axb4 42. Nc4 1-0